Jakie oprócz Warszawy znasz polskie miasto na literę W? - Statystyki

Ogólne statystyki
  • Ten quiz został rozwiązany 68 razy
  • Średni wynik to 4 z 8
Statystyki odpowiedzi
Odpowiedź % Poprawnych
Wrocław
95%
Włocławek
64%
Wałbrzych
63%
Wadowice
44%
Wieluń
39%
Wejherowo
36%
Wieliczka
34%
Wojnicz
0%
Nie znaleziono quizów pasujących do podanych kryteriów
Rozkład punktacji
Procent ludzi z każdym wynikiem
Percentyl według liczby udzielonych odpowiedzi
Twoja historia wyników
Nie rozwiązałeś tego quizu